Holding court (Record no. 82128)

MARC details
000 -LEADER
fixed length control field 01106cad a22002295a 4500
001 - CONTROL NUMBER
control field L149312
008 - FIXED-LENGTH DATA ELEMENTS--GENERAL INFORMATION
fixed length control field 090720s2015 xxk 000 0 eng u
035 ## - SYSTEM CONTROL NUMBER
System control number (Sirsi) u149312
041 0# - LANGUAGE CODE
Language code of text/sound track or separate title eng
100 1# - MAIN ENTRY--PERSONAL NAME
Personal name Harris, Andrew
245 00 - TITLE STATEMENT
Title Holding court
Medium [electronic resource]
260 ## - PUBLICATION, DISTRIBUTION, ETC.
Date of publication, distribution, etc. 2015
490 #4 - SERIES STATEMENT
Series statement RICS Building Conservation Journal
Volume/sequential designation December 2015/January 2016, 28-31(4)
490 ## - SERIES STATEMENT
Series statement RICS Building Surveying Journal
Volume/sequential designation December 2015/January 2016, 28-31(4)
520 ## - SUMMARY, ETC.
Summary, etc. First part of a series describes the scope of the conservation work at Hampton Court Palace, which is coordinated around visitors and events. Project and repair priorities are determined by an ongoing state of the estate survey and detailed surveys carried out every 5 years.
590 ## - LOCAL NOTE (RLIN)
Local note KA
650 ## - SUBJECT ADDED ENTRY--TOPICAL TERM
Topical term or geographic name entry element HAMPTON COURT PALACE
651 #4 - SUBJECT ADDED ENTRY--GEOGRAPHIC NAME
Geographic name United Kingdom
690 ## - LOCAL SUBJECT ADDED ENTRY--TOPICAL TERM (OCLC, RLIN)
Topical term or geographic name as entry element BUILT ENVIRONMENT-BUILDING MAINTENANCE AND REFURBISHMENT-BUILDING CONSERVATION
856 40 - ELECTRONIC LOCATION AND ACCESS
Uniform Resource Identifier <a href="https://www.rics.org/Global/Building_Surveying_Journal_December_2015_January_2016.pdf">https://www.rics.org/Global/Building_Surveying_Journal_December_2015_January_2016.pdf</a>
Public note View the article free of charge at www.rics.org...
942 ## - ADDED ENTRY ELEMENTS (KOHA)
Suppress in OPAC 0
Holdings
Withdrawn status Lost status Source of classification or shelving scheme Damaged status Not for loan Home library Current library Shelving location Date acquired Total Checkouts Full call number Barcode Date last seen Copy number Price effective from Koha item type
    Dewey Decimal Classification     London London Journal article 18/02/2010   L149312 149312-1001 06/08/2019 1 06/08/2019 Journal article